000 00611nam a2200205Ia 4500
003 GCL
008 140319s9999 xx 000 0 ara d
040 _aGCL /
_cGCL
082 0 4 _a335.4
_bل م
100 1 _aلينين، ن
245 1 0 _aما العمل المسائل الملحة لحركتنا /
_cلينين، ن
300 _a279 ص
490 _aالهيئة العامة للاستعلامات
_v0
650 0 4 _aالاقتصاد
650 0 4 _aالاشتراكية
650 0 4 _aالسياسة
650 0 4 _aالديمقراطية
650 0 4 _aالاقتصاد الماركس
942 _2ddc
_cBK
999 _c51933
_d51933